000 01887nam a2200325 i 4500
001 000022202
003 DO-SdBNP
005 20250819112402.0
007 ta
008 100920s1980 dr a 000 j spa d
040 _aDO-SdBNP
_bspa
_cBNPHU
_erda
041 _aspa
082 4 _aRD863.4408
_bP925c,1980
_222
111 2 _aPremio Casa de Teatro
_n(3:
_d1979:
_cSanto Domingo)
_945936
245 0 0 _aCuentos premiados 1979 /
_cpresentación, José Alcántara Almánzar.
264 1 _aSanto Domingo :
_bCasa de Teatro,
_c1980.
300 _a106 páginas :
_bilustraciones ;
_c21 cm.
336 _atexto
_btxt
_2rdacontent
337 _asin mediación
_bn
_2rdamedia
338 _avolumen
_bnc
_2rdacarrier
500 _aRecopilación de los trabajos galardonados por el II premio Casa de Teatro
505 0 _aPresentación --
_tpalabras del jurado en la entretga de premios del Tercer concurso de cuentos de Casa de Teatro /
_rJosé Alcántara Almánzar --
_tLos hitos /
_rPedro Peix --
_tCeremonia post-nupcial /
_rArturo Rodríguez Fernández --
_tMensiones honoríficas :
_tLas cosas suceden o no suceden /
_rArturo Rodríguez Fernández --
_tEsa oscura jaula donde vuela a su placer el ruiseñor /
_rPedro Peix --
_tEl sonambulo /
_rBonaparte Gautreaux --
_tYa no llueve los lunes /
_rJosé Enrique García --
_tTan solo unos lirios /
_rMary Rosa Jiménez --
_tQuince años
_tPrimer premio Manuel Rueda --
_tLa bella nerudeana --
_tSiglo XX /
_rInván García --
_tDe Hombres y gallos
_rManuel Rueda --
_tResponso para un cadavér sin flores --
_tAmanda/
_rFrancisco Javier Prida Busto.
590 _aInventariado, 2020/VM
650 4 _aCuentos dominicanos
_9503
650 4 _aLiteratura dominicana.
_967
700 1 _aAlcántara Almánzar, José,
_d1946-
_epresentación
_97018
710 _aCasa de Teatro (República Dominicana)
_926649
910 _aValidado. Control de calidad MFF
942 _2ddc
_cLBS1
999 _c21700
_d21700